Research Methodology (Record no. 3333)

MARC details
000 -LEADER
fixed length control field 00389nam a22001697a 4500
005 - DATE AND TIME OF LATEST TRANSACTION
control field 20180220150541.0
008 - FIXED-LENGTH DATA ELEMENTS--GENERAL INFORMATION
fixed length control field 160620b xxu||||| |||| 00| 0 eng d
020 ## - INTERNATIONAL STANDARD BOOK NUMBER
ISBN 978-81-224-1522-3
041 ## - LANGUAGE CODE
Language code of text/sound track or separate title eng
082 ## - DEWEY DECIMAL CLASSIFICATION NUMBER
Item number 8632
Classification number 001.42
100 ## - MAIN ENTRY--AUTHOR NAME
Personal name Kothari, C.R
245 ## - TITLE STATEMENT
Title Research Methodology
260 ## - PUBLICATION, DISTRIBUTION, ETC. (IMPRINT)
Name of publisher New Age
Year of publication 2009
300 ## - PHYSICAL DESCRIPTION
Number of Pages 389
650 ## - SUBJECT ADDED ENTRY--TOPICAL TERM
Topical Term Management
942 ## - ADDED ENTRY ELEMENTS (KOHA)
Koha item type Books
Holdings
Lost status Damaged status Collection code Home library Current library Shelving location Date acquired Cost, normal purchase price Full call number Accession Number Koha item type
    MANAGEMENT JRU Library JRU Library   20/06/2016 200.00 001.42 8632 Books
    MANAGEMENT JRU Library JRU Library   20/06/2016 200.00 001.42 8633 Books
    MANAGEMENT JRU Library JRU Library   20/06/2016 200.00 001.42 8634 Books
    MANAGEMENT JRU Library JRU Library   20/06/2016 200.00 001.42 8635 Books
    MANAGEMENT JRU Library JRU Library   20/06/2016 200.00 001.42 8636 Books
    MANAGEMENT JRU Library JRU Library   20/06/2016 200.00 001.42 8637 Books
    MANAGEMENT JRU Library JRU Library   20/06/2016 200.00 001.42 8638 Books
    MANAGEMENT JRU Library JRU Library   20/06/2016 200.00 001.42 8639 Books
    MANAGEMENT JRU Library JRU Library   20/06/2016 200.00 001.42 8640 Books
    MANAGEMENT JRU Library JRU Library   20/06/2016 200.00 001.42 8641 Books
    MANAGEMENT JRU Library JRU Library   20/06/2016 200.00 001.42 8642 Books
    MANAGEMENT JRU Library JRU Library   20/06/2016 200.00 001.42 8643 Books